Feature selection : a preprocessing step in data mining /
Saved in:
| 主要作者: | |
|---|---|
| 格式: | Thesis 图书 |
| 语言: | English |
| 出版: |
1997.
|
| 主题: | |
| 标签: |
添加标签
没有标签, 成为第一个标记此记录!
|
| LEADER | 00704cam a2200217 a 4500 | ||
|---|---|---|---|
| 001 | u420802 | ||
| 003 | SIRSI | ||
| 008 | 980220s1997 si v 00 1 eng m | ||
| 035 | |a ACE-6325 | ||
| 040 | |a UMM | ||
| 090 | |a QA76.9 |b D3Das | ||
| 100 | 1 | 0 | |a Dash, Manoranjan |
| 245 | 1 | 0 | |a Feature selection : |b a preprocessing step in data mining / |c Manoranjan Dash. |
| 260 | |c 1997. | ||
| 300 | |a vi, 100 leaves : |b ill. ; |c 30 cm. | ||
| 502 | |a Dissertation (M.Sc.) -- National University of Singapore, 1997. | ||
| 504 | |a Bibliography: leaves 95-100. | ||
| 650 | 0 | |a Data mining. | |
| 948 | |a 20/02/1998 |b 27/01/1999 | ||
| 596 | |a 1 | ||
| 999 | |a QA76.9 D3DAS |w LC |c 1 |i A507496268 |d 23/7/2001 |l STACKS |m P01UTAMA |n 1 |r Y |s Y |t TESIS |u 20/4/1998 | ||
